[Event "Deutsche Ländermeisterschaft 2025"]
[Site "Oer-Erkenschwick GER"]
[Date "2025.10.01"]
[Round "2"]
[White "Tabales, Lennart"]
[Black "Herrmann, Arthur"]
[Result "0-1"]
[Termination "normal"]
[Board "9.3"]
[WhiteElo "1873"]
[BlackElo "2149"]
[WhiteClock "01:10:26"]
[BlackClock "00:59:47"]
[WhiteTeam "Saarland & Friends"]
[BlackTeam "Sachsen"]
[PlyCount "37"]
[WhiteFideId "34604057"]
[BlackFideId "16287150"]
[EventCountry "GER"]
[EventRounds "7"]
[EventType "team-swiss"]
[EventDate "2025.09.30"]

1. e4 {[%clk 01:30:57]} {[%emt 00:00:02]} e5 {[%clk 01:30:52]} {[%emt
00:00:09]} 2. Nf3 {[%clk 01:30:54]} {[%emt 00:00:34]} Nc6 {[%clk 01:31:17]}
{[%emt 00:00:04]} 3. Bc4 {[%clk 01:31:20]} {[%emt 00:00:03]} Bc5 {[%clk
01:31:31]} {[%emt 00:00:17]} 4. c3 {[%clk 01:31:40]} {[%emt 00:00:10]} Nf6
{[%clk 01:31:31]} {[%emt 00:00:30]} 5. d3 {[%clk 01:32:04]} {[%emt 00:00:07]}
a6 {[%clk 01:31:26]} {[%emt 00:00:34]} 6. Bb3 {[%clk 01:32:28]} {[%emt
00:00:06]} d6 {[%clk 01:24:10]} {[%emt 00:07:46]} 7. O-O {[%clk 01:32:48]}
{[%emt 00:00:10]} Ba7 {[%clk 01:24:08]} {[%emt 00:00:33]} 8. Nbd2 {[%clk
01:32:53]} {[%emt 00:00:24]} O-O {[%clk 01:24:17]} {[%emt 00:00:21]} 9. Re1
{[%clk 01:33:09]} {[%emt 00:00:14]} Ng4 {[%clk 01:23:31]} {[%emt 00:01:16]} 10.
Re2 {[%clk 01:32:25]} {[%emt 00:01:15]} Kh8 {[%clk 01:22:06]} {[%emt 00:01:54]}
11. h3 {[%clk 01:23:10]} {[%emt 00:09:45]} Nh6 {[%clk 01:22:09]} {[%emt
00:00:27]} 12. Nf1 {[%clk 01:20:44]} {[%emt 00:02:55]} f5 {[%clk 01:20:18]}
{[%emt 00:02:21]} 13. N1h2 {[%clk 01:19:32]} f4 {[%clk 01:14:26]} {[%emt
00:08:05]} 14. d4 {[%clk 01:18:05]} Qf6 {[%clk 01:11:49]} {[%emt 00:05:04]} 15.
dxe5 {[%clk 01:15:37]} dxe5 {[%clk 01:11:35]} {[%emt 00:03:42]} 16. Kh1 {[%clk
01:14:28]} g5 {[%clk 01:10:58]} {[%emt 00:02:46]} 17. Qg1 {[%clk 01:12:09]} g4
{[%clk 00:59:47]} {[%emt 00:14:31]} 18. hxg4 {[%clk 01:10:26]} Nxg4 {[%clk
00:59:47]} 19. Nxg4 {[%clk 01:10:26]} 0-1

[Event "Deutsche Ländermeisterschaft 2025"]
[Site "Oer-Erkenschwick GER"]
[Date "2025.10.01"]
[Round "2"]
[White "Nguyen, Thanh An"]
[Black "Prashanthakumar, Arju"]
[Result "1-0"]
[Termination "normal"]
[Board "9.4"]
[WhiteElo "2005"]
[BlackElo "1817"]
[WhiteClock "01:00:00"]
[BlackClock "00:49:19"]
[WhiteTeam "Sachsen"]
[BlackTeam "Saarland & Friends"]
[PlyCount "95"]
[WhiteFideId "34627804"]
[BlackFideId "34604065"]
[EventCountry "GER"]
[EventRounds "7"]
[EventType "team-swiss"]
[EventDate "2025.09.30"]

1. e4 {[%clk 01:30:58]} {[%emt 00:00:01]} e6 {[%clk 01:30:40]} {[%emt
00:00:21]} 2. b3 {[%clk 01:31:09]} {[%emt 00:00:19]} d5 {[%clk 01:30:43]}
{[%emt 00:00:27]} 3. Bb2 {[%clk 01:31:16]} {[%emt 00:00:24]} a6 {[%clk
01:30:53]} {[%emt 00:00:20]} 4. d3 {[%clk 01:30:29]} {[%emt 00:01:16]} Nf6
{[%clk 01:30:58]} {[%emt 00:00:24]} 5. e5 {[%clk 01:27:25]} {[%emt 00:03:36]}
Nfd7 {[%clk 01:30:50]} {[%emt 00:00:37]} 6. d4 {[%clk 01:27:52]} {[%emt
00:00:04]} c5 {[%clk 01:30:58]} {[%emt 00:00:21]} 7. c3 {[%clk 01:28:07]}
{[%emt 00:00:16]} Nc6 {[%clk 01:31:12]} {[%emt 00:00:16]} 8. Nf3 {[%clk
01:27:53]} {[%emt 00:00:45]} Be7 {[%clk 01:31:13]} {[%emt 00:00:27]} 9. Bd3
{[%clk 01:27:43]} {[%emt 00:00:41]} O-O {[%clk 01:30:44]} {[%emt 00:00:58]} 10.
O-O {[%clk 01:27:57]} {[%emt 00:00:17]} cxd4 {[%clk 01:30:31]} {[%emt
00:00:43]} 11. cxd4 {[%clk 01:28:21]} {[%emt 00:00:05]} f6 {[%clk 01:30:25]}
{[%emt 00:00:36]} 12. exf6 {[%clk 01:28:08]} {[%emt 00:00:44]} Nxf6 {[%clk
01:30:40]} {[%emt 00:00:15]} 13. Nbd2 {[%clk 01:27:40]} {[%emt 00:00:58]} Bd7
{[%clk 01:28:46]} {[%emt 00:02:23]} 14. a3 {[%clk 01:27:50]} {[%emt 00:00:20]}
Bd6 {[%clk 01:25:15]} {[%emt 00:03:59]} 15. Re1 {[%clk 01:24:36]} {[%emt
00:03:46]} Qc7 {[%clk 01:15:50]} {[%emt 00:09:54]} 16. Ne5 {[%clk 01:22:46]}
{[%emt 00:02:21]} Be8 {[%clk 01:12:14]} {[%emt 00:04:06]} 17. h3 {[%clk
01:21:34]} {[%emt 00:01:42]} Bxe5 {[%clk 01:05:06]} {[%emt 00:07:38]} 18. dxe5
{[%clk 01:21:50]} {[%emt 00:00:14]} Nd7 {[%clk 01:05:26]} {[%emt 00:00:10]} 19.
Qg4 {[%clk 01:18:13]} {[%emt 00:04:06]} Nc5 {[%clk 01:03:09]} {[%emt 00:02:49]}
20. Bc2 {[%clk 01:17:56]} {[%emt 00:00:48]} Qf7 {[%clk 01:02:26]} {[%emt
00:01:12]} 21. Nf3 {[%clk 01:17:02]} {[%emt 00:01:24]} Qh5 {[%clk 01:02:06]}
{[%emt 00:00:49]} 22. b4 {[%clk 01:14:45]} {[%emt 00:02:48]} Qxg4 {[%clk
00:58:34]} {[%emt 00:04:01]} 23. hxg4 {[%clk 01:15:10]} {[%emt 00:00:05]} Ne4
{[%clk 00:54:33]} {[%emt 00:04:31]} 24. Bxe4 {[%clk 01:15:33]} {[%emt
00:00:08]} dxe4 {[%clk 00:54:54]} {[%emt 00:00:10]} 25. Ng5 {[%clk 01:15:51]}
{[%emt 00:00:10]} Bf7 {[%clk 00:52:47]} {[%emt 00:02:37]} 26. Nxe4 {[%clk
01:16:03]} {[%emt 00:00:19]} Rad8 {[%clk 00:52:46]} {[%emt 00:00:31]} 27. Nc5
{[%clk 01:12:08]} {[%emt 00:04:25]} Rd2 {[%clk 00:52:00]} {[%emt 00:01:14]} 28.
Bc3 {[%clk 01:12:32]} {[%emt 00:00:08]} Rc2 {[%clk 00:52:09]} {[%emt 00:00:19]}
29. Rec1 {[%clk 01:12:51]} {[%emt 00:00:12]} Rxc1+ {[%clk 00:51:38]} {[%emt
00:01:01]} 30. Rxc1 {[%clk 01:13:17]} {[%emt 00:00:04]} Ne7 {[%clk 00:50:37]}
{[%emt 00:01:31]} 31. Nxb7 {[%clk 01:13:20]} {[%emt 00:00:27]} Nd5 {[%clk
00:50:58]} {[%emt 00:00:07]} 32. Bd2 {[%clk 01:12:31]} {[%emt 00:01:19]} Rb8
{[%clk 00:50:00]} {[%emt 00:01:25]} 33. Nd6 {[%clk 01:11:53]} {[%emt 00:01:12]}
Bg6 {[%clk 00:49:23]} {[%emt 00:01:07]} 34. f4 {[%clk 01:06:27]} {[%emt
00:05:55]} h5 {[%clk 00:49:30]} {[%emt 00:00:23]} 35. gxh5 {[%clk 01:05:56]}
{[%emt 00:01:01]} Bxh5 {[%clk 00:49:44]} {[%emt 00:00:16]} 36. Ne4 {[%clk
01:03:22]} {[%emt 00:03:03]} Be2 {[%clk 00:49:02]} {[%emt 00:01:12]} 37. Rc6
{[%clk 01:03:17]} {[%emt 00:00:36]} Rb6 {[%clk 00:49:12]} {[%emt 00:00:20]} 38.
Rc8+ {[%clk 01:01:15]} {[%emt 00:02:32]} Kf7 {[%clk 00:49:08]} {[%emt
00:00:31]} 39. Kf2 {[%clk 01:01:25]} {[%emt 00:00:22]} Bb5 {[%clk 00:49:08]}
{[%emt 00:00:28]} 40. Be3 {[%clk 01:01:17]} {[%emt 00:00:41]} Rc6 {[%clk
00:49:11]} {[%emt 00:00:25]} 41. Ng5+ {[%clk 00:57:56]} {[%emt 00:03:53]} Kg6
{[%clk 00:48:46]} {[%emt 00:00:55]} 42. Rxc6 {[%clk 00:58:14]} {[%emt
00:00:13]} Bxc6 {[%clk 00:49:10]} {[%emt 00:00:06]} 43. Nxe6 {[%clk 00:58:36]}
{[%emt 00:00:08]} Nxe3 {[%clk 00:49:32]} {[%emt 00:00:08]} 44. Kxe3 {[%clk
00:59:02]} {[%emt 00:00:03]} Bxg2 {[%clk 00:49:47]} {[%emt 00:00:15]} 45. Nd4
{[%clk 00:59:09]} {[%emt 00:00:23]} Bf1 {[%clk 00:49:14]} {[%emt 00:01:03]} 46.
a4 {[%clk 00:59:22]} {[%emt 00:00:18]} Kf7 {[%clk 00:49:08]} {[%emt 00:00:35]}
47. f5 {[%clk 00:59:43]} {[%emt 00:00:09]} g6 {[%clk 00:49:19]} {[%emt
00:00:19]} 48. f6 {[%clk 01:00:00]} {[%emt 00:00:13]} 1-0

[Event "Deutsche Ländermeisterschaft 2025"]
[Site "Oer-Erkenschwick GER"]
[Date "2025.10.01"]
[Round "2"]
[White "Jung, Marcel"]
[Black "Dotschuweit, Erik"]
[Result "1-0"]
[Termination "normal"]
[Board "9.5"]
[WhiteElo "1749"]
[BlackElo "1733"]
[WhiteClock "00:38:46"]
[BlackClock "00:07:08"]
[WhiteTeam "Saarland & Friends"]
[BlackTeam "Sachsen"]
[PlyCount "69"]
[WhiteFideId "34673881"]
[BlackFideId "34610146"]
[EventCountry "GER"]
[EventRounds "7"]
[EventType "team-swiss"]
[EventDate "2025.09.30"]

1. e3 {[%clk 01:30:57]} {[%emt 00:00:02]} d5 {[%clk 01:29:45]} {[%emt
00:01:16]} 2. Nf3 {[%clk 01:31:02]} {[%emt 00:00:24]} Nf6 {[%clk 01:29:40]}
{[%emt 00:00:36]} 3. b3 {[%clk 01:31:25]} {[%emt 00:00:07]} Bg4 {[%clk
01:27:31]} {[%emt 00:02:38]} 4. Bb2 {[%clk 01:31:04]} {[%emt 00:00:50]} Nbd7
{[%clk 01:26:58]} {[%emt 00:01:04]} 5. h3 {[%clk 01:31:03]} {[%emt 00:00:31]}
Bxf3 {[%clk 01:26:28]} {[%emt 00:01:00]} 6. Qxf3 {[%clk 01:31:25]} {[%emt
00:00:08]} e5 {[%clk 01:21:37]} {[%emt 00:05:21]} 7. c4 {[%clk 01:26:32]}
{[%emt 00:05:23]} c6 {[%clk 01:18:07]} {[%emt 00:04:01]} 8. Nc3 {[%clk
01:24:09]} {[%emt 00:02:51]} Nc5 {[%clk 01:03:26]} {[%emt 00:15:13]} 9. cxd5
{[%clk 01:22:15]} {[%emt 00:02:24]} e4 {[%clk 01:00:55]} {[%emt 00:03:01]} 10.
Qf5 {[%clk 01:14:13]} {[%emt 00:08:31]} Bd6 {[%clk 00:52:13]} {[%emt 00:09:13]}
11. Na4 {[%clk 01:08:02]} {[%emt 00:06:40]} Nxa4 {[%clk 00:48:30]} {[%emt
00:04:13]} 12. bxa4 {[%clk 01:08:23]} {[%emt 00:00:09]} cxd5 {[%clk 00:46:11]}
{[%emt 00:02:50]} 13. Bb5+ {[%clk 01:07:08]} {[%emt 00:01:44]} Kf8 {[%clk
00:45:54]} {[%emt 00:00:48]} 14. g4 {[%clk 01:03:32]} {[%emt 00:04:06]} a6
{[%clk 00:43:56]} {[%emt 00:02:28]} 15. Be2 {[%clk 00:58:34]} {[%emt 00:05:27]}
Be7 {[%clk 00:30:05]} {[%emt 00:14:22]} 16. g5 {[%clk 00:55:51]} {[%emt
00:03:12]} Ne8 {[%clk 00:27:35]} {[%emt 00:03:01]} 17. Rg1 {[%clk 00:53:16]}
{[%emt 00:03:04]} g6 {[%clk 00:19:14]} {[%emt 00:08:51]} 18. Qf4 {[%clk
00:44:24]} {[%emt 00:09:21]} Bd6 {[%clk 00:18:04]} {[%emt 00:01:41]} 19. Qh4
{[%clk 00:44:28]} {[%emt 00:00:22]} f6 {[%clk 00:17:08]} {[%emt 00:01:30]} 20.
gxf6 {[%clk 00:42:43]} {[%emt 00:02:14]} Kf7 {[%clk 00:17:32]} {[%emt
00:00:07]} 21. f3 {[%clk 00:40:16]} {[%emt 00:02:56]} exf3 {[%clk 00:14:30]}
{[%emt 00:03:33]} 22. Bxf3 {[%clk 00:40:36]} {[%emt 00:00:09]} Bc5 {[%clk
00:12:40]} {[%emt 00:02:20]} 23. Rf1 {[%clk 00:40:26]} {[%emt 00:00:40]} Nc7
{[%clk 00:11:53]} {[%emt 00:01:18]} 24. Qh6 {[%clk 00:39:53]} {[%emt 00:01:02]}
Bf8 {[%clk 00:12:08]} {[%emt 00:00:17]} 25. Qf4 {[%clk 00:39:12]} {[%emt
00:01:11]} Bd6 {[%clk 00:12:09]} {[%emt 00:00:29]} 26. Qd4 {[%clk 00:38:55]}
{[%emt 00:00:42]} Bg3+ {[%clk 00:11:57]} {[%emt 00:00:46]} 27. Ke2 {[%clk
00:39:12]} {[%emt 00:00:13]} Re8 {[%clk 00:11:45]} {[%emt 00:00:42]} 28. Rac1
{[%clk 00:39:09]} {[%emt 00:00:32]} Be5 {[%clk 00:11:17]} {[%emt 00:00:59]} 29.
Rxc7+ {[%clk 00:37:49]} {[%emt 00:01:50]} Qxc7 {[%clk 00:10:11]} {[%emt
00:01:36]} 30. Bxd5+ {[%clk 00:37:42]} {[%emt 00:00:36]} Kf8 {[%clk 00:09:17]}
{[%emt 00:01:25]} 31. Ba3+ {[%clk 00:37:57]} {[%emt 00:00:15]} Bd6 {[%clk
00:09:10]} {[%emt 00:00:37]} 32. f7 {[%clk 00:38:05]} {[%emt 00:00:21]} Bxa3
{[%clk 00:06:32]} {[%emt 00:03:08]} 33. Qh8+ {[%clk 00:38:11]} {[%emt
00:00:24]} Ke7 {[%clk 00:06:55]} {[%emt 00:00:07]} 34. fxe8=Q+ {[%clk
00:38:25]} {[%emt 00:00:15]} Rxe8 {[%clk 00:07:08]} {[%emt 00:00:18]} 35. Rf7+
{[%clk 00:38:46]} {[%emt 00:00:06]} 1-0

[Event "Deutsche Ländermeisterschaft 2025"]
[Site "Oer-Erkenschwick GER"]
[Date "2025.10.01"]
[Round "2"]
[White "Mai, Mariella"]
[Black "Hoffmann, Sophia"]
[Result "1-0"]
[Termination "normal"]
[Board "9.6"]
[WhiteElo "1748"]
[BlackElo "1666"]
[WhiteClock "00:14:13"]
[BlackClock "00:17:57"]
[WhiteTeam "Sachsen"]
[BlackTeam "Saarland & Friends"]
[PlyCount "115"]
[WhiteFideId "16281780"]
[BlackFideId "16259130"]
[EventCountry "GER"]
[EventRounds "7"]
[EventType "team-swiss"]
[EventDate "2025.09.30"]

1. Nf3 {[%clk 01:30:57]} {[%emt 00:00:02]} d5 {[%emt 00:00:10]} 2. b3 {[%clk
01:31:08]} {[%emt 00:00:16]} Nf6 {[%clk 01:31:02]} {[%emt 00:00:23]} 3. e3
{[%clk 01:31:11]} {[%emt 00:00:26]} Bf5 {[%clk 01:30:48]} {[%emt 00:00:44]} 4.
Be2 {[%clk 01:30:17]} {[%emt 00:01:24]} c5 {[%clk 01:30:39]} {[%emt 00:00:39]}
5. Bb2 {[%clk 01:30:34]} {[%emt 00:00:13]} Nbd7 {[%clk 01:29:32]} {[%emt
00:01:37]} 6. d4 {[%clk 01:28:31]} {[%emt 00:02:32]} e6 {[%clk 01:28:13]}
{[%emt 00:01:49]} 7. Nbd2 {[%clk 01:27:50]} {[%emt 00:01:11]} h6 {[%clk
01:27:24]} {[%emt 00:01:19]} 8. O-O {[%clk 01:24:16]} {[%emt 00:04:05]} Bd6
{[%clk 01:26:44]} {[%emt 00:01:10]} 9. c4 {[%clk 01:21:11]} {[%emt 00:03:35]}
O-O {[%clk 01:23:12]} {[%emt 00:04:02]} 10. cxd5 {[%clk 01:15:39]} {[%emt
00:06:02]} exd5 {[%clk 01:20:11]} {[%emt 00:03:31]} 11. dxc5 {[%clk 01:10:49]}
{[%emt 00:05:21]} Nxc5 {[%clk 01:18:51]} {[%emt 00:01:50]} 12. Nd4 {[%clk
01:11:05]} {[%emt 00:00:14]} Be4 {[%clk 01:17:19]} {[%emt 00:02:02]} 13. N2f3
{[%clk 01:04:53]} {[%emt 00:06:41]} Nh7 {[%clk 01:11:38]} {[%emt 00:06:12]} 14.
Rc1 {[%clk 01:02:26]} {[%emt 00:02:57]} Rc8 {[%clk 01:10:11]} {[%emt 00:01:57]}
15. Nb5 {[%clk 00:56:10]} {[%emt 00:06:43]} Bb8 {[%clk 01:04:53]} {[%emt
00:05:50]} 16. Ba3 {[%clk 00:47:49]} {[%emt 00:08:52]} b6 {[%clk 01:01:58]}
{[%emt 00:03:24]} 17. Nc3 {[%clk 00:43:26]} {[%emt 00:04:54]} f5 {[%clk
00:58:32]} {[%emt 00:03:56]} 18. Nd4 {[%clk 00:42:00]} {[%emt 00:01:56]} f4
{[%clk 00:40:13]} {[%emt 00:18:48]} 19. Bg4 {[%clk 00:32:53]} {[%emt 00:09:38]}
f3 {[%clk 00:29:21]} {[%emt 00:11:22]} 20. Nxf3 {[%clk 00:29:07]} {[%emt
00:04:16]} Bxf3 {[%clk 00:25:17]} {[%emt 00:04:35]} 21. Bxf3 {[%clk 00:29:13]}
{[%emt 00:00:23]} Kh8 {[%clk 00:20:08]} {[%emt 00:05:39]} 22. Nxd5 {[%clk
00:21:34]} {[%emt 00:08:10]} Qd6 {[%clk 00:16:13]} {[%emt 00:04:24]} 23. g3
{[%clk 00:21:02]} {[%emt 00:01:02]} Rcd8 {[%clk 00:14:58]} {[%emt 00:01:45]}
24. Bg2 {[%clk 00:18:51]} {[%emt 00:02:41]} Ng5 {[%clk 00:11:48]} {[%emt
00:03:39]} 25. Qg4 {[%clk 00:14:07]} {[%emt 00:05:09]} Nge6 {[%clk 00:07:45]}
{[%emt 00:04:39]} 26. Qg6 {[%clk 00:09:04]} {[%emt 00:05:26]} Qe5 {[%clk
00:02:32]} {[%emt 00:05:50]} 27. f4 {[%clk 00:04:44]} {[%emt 00:04:51]} Qf5
{[%clk 00:02:01]} {[%emt 00:01:01]} 28. Ne7 {[%clk 00:04:36]} {[%emt 00:00:37]}
Qd3 {[%clk 00:01:22]} {[%emt 00:01:10]} 29. Qxd3 {[%clk 00:04:25]} {[%emt
00:00:41]} Rxd3 {[%clk 00:01:03]} {[%emt 00:00:49]} 30. Ng6+ {[%clk 00:04:51]}
{[%emt 00:00:04]} Kg8 {[%clk 00:01:22]} {[%emt 00:00:09]} 31. Nxf8 {[%clk
00:04:59]} {[%emt 00:00:23]} Kxf8 {[%clk 00:01:37]} {[%emt 00:00:16]} 32. f5
{[%clk 00:02:57]} {[%emt 00:02:32]} Ng5 {[%clk 00:01:34]} {[%emt 00:00:31]} 33.
Bxc5+ {[%clk 00:01:52]} {[%emt 00:01:37]} bxc5 {[%clk 00:01:57]} {[%emt
00:00:08]} 34. Rxc5 {[%clk 00:02:17]} {[%emt 00:00:04]} Ke7 {[%clk 00:01:46]}
{[%emt 00:00:41]} 35. Rb5 {[%clk 00:01:42]} {[%emt 00:01:04]} Bd6 {[%clk
00:01:50]} {[%emt 00:00:25]} 36. Rb7+ {[%clk 00:00:49]} {[%emt 00:01:25]} Kf6
{[%clk 00:02:11]} {[%emt 00:00:07]} 37. Rxa7 {[%clk 00:01:04]} {[%emt
00:00:16]} Rxe3 {[%clk 00:02:23]} {[%emt 00:00:18]} 38. Ra6 {[%clk 00:01:11]}
{[%emt 00:00:23]} Rd3 {[%clk 00:02:18]} {[%emt 00:00:34]} 39. a4 {[%clk
00:00:34]} {[%emt 00:01:08]} Ke7 {[%clk 00:02:30]} {[%emt 00:00:17]} 40. Re1+
{[%clk 00:00:54]} {[%emt 00:00:11]} Kd7 {[%clk 00:02:53]} {[%emt 00:00:06]} 41.
Ra7+ {[%clk 00:01:13]} {[%emt 00:00:11]} Kd8 {[%clk 00:02:47]} {[%emt
00:00:35]} 42. Rb7 {[%clk 00:00:31]} {[%emt 00:01:14]} Rd2 {[%clk 00:02:47]}
{[%emt 00:00:30]} 43. Bc6 {[%clk 00:29:40]} {[%emt 00:01:20]} Nh3+ {[%clk
00:31:50]} {[%emt 00:01:28]} 44. Kh1 {[%clk 00:27:59]} {[%emt 00:02:11]} Nf2+
{[%clk 00:30:02]} {[%emt 00:02:17]} 45. Kg2 {[%clk 00:26:23]} {[%emt 00:02:07]}
Nd3+ {[%clk 00:26:49]} {[%emt 00:03:43]} 46. Kf1 {[%clk 00:26:30]} {[%emt
00:00:23]} Nxe1 {[%clk 00:26:13]} {[%emt 00:01:06]} 47. Kxe1 {[%clk 00:26:55]}
{[%emt 00:00:06]} Rd4 {[%clk 00:25:54]} {[%emt 00:00:48]} 48. Rxg7 {[%clk
00:26:04]} {[%emt 00:01:21]} Bb4+ {[%clk 00:25:45]} {[%emt 00:00:38]} 49. Kf1
{[%clk 00:25:31]} {[%emt 00:01:04]} Rd2 {[%clk 00:25:03]} {[%emt 00:01:12]} 50.
Rg4 {[%clk 00:17:59]} {[%emt 00:08:02]} Bd6 {[%clk 00:24:02]} {[%emt 00:01:32]}
51. Rh4 {[%clk 00:16:31]} {[%emt 00:01:58]} Bf8 {[%clk 00:22:15]} {[%emt
00:02:17]} 52. Bb5 {[%clk 00:15:59]} {[%emt 00:01:03]} Kc7 {[%clk 00:20:30]}
{[%emt 00:02:13]} 53. Bc4 {[%clk 00:14:55]} {[%emt 00:01:36]} Kb6 {[%clk
00:19:15]} {[%emt 00:01:45]} 54. f6 {[%clk 00:14:31]} {[%emt 00:00:54]} Kc6
{[%clk 00:18:27]} {[%emt 00:01:14]} 55. f7 {[%clk 00:14:49]} {[%emt 00:00:17]}
Kd6 {[%clk 00:18:12]} {[%emt 00:00:45]} 56. Re4 {[%clk 00:13:41]} {[%emt
00:01:37]} Rxh2 {[%clk 00:17:50]} {[%emt 00:00:53]} 57. Re8 {[%clk 00:14:01]}
{[%emt 00:00:10]} Be7 {[%clk 00:17:57]} {[%emt 00:00:21]} 58. f8=Q {[%clk
00:14:13]} {[%emt 00:00:21]} 1-0

[Event "Deutsche Ländermeisterschaft 2025"]
[Site "Oer-Erkenschwick GER"]
[Date "2025.10.01"]
[Round "2"]
[White "Didas, Emma"]
[Black "Glotz, Diana"]
[Result "1/2-1/2"]
[Termination "normal"]
[Board "9.7"]
[WhiteElo "1489"]
[BlackElo "1692"]
[WhiteClock "00:21:45"]
[BlackClock "00:10:50"]
[WhiteTeam "Saarland & Friends"]
[BlackTeam "Sachsen"]
[PlyCount "85"]
[WhiteFideId "34681612"]
[BlackFideId "16278500"]
[EventCountry "GER"]
[EventRounds "7"]
[EventType "team-swiss"]
[EventDate "2025.09.30"]

1. e4 {[%clk 01:30:58]} {[%emt 00:00:01]} c5 {[%clk 01:30:42]} {[%emt
00:00:19]} 2. c3 {[%clk 01:31:17]} {[%emt 00:00:10]} d5 {[%clk 01:30:55]}
{[%emt 00:00:18]} 3. exd5 {[%clk 01:31:36]} {[%emt 00:00:11]} Qxd5 {[%clk
01:31:18]} {[%emt 00:00:07]} 4. Na3 {[%clk 01:31:56]} {[%emt 00:00:10]} Nc6
{[%clk 01:31:20]} {[%emt 00:00:27]} 5. Nf3 {[%clk 01:32:08]} {[%emt 00:00:18]}
e6 {[%clk 01:31:20]} {[%emt 00:00:30]} 6. Bc4 {[%clk 01:31:48]} {[%emt
00:00:50]} Qd8 {[%clk 01:30:27]} {[%emt 00:01:23]} 7. d4 {[%clk 01:29:54]}
{[%emt 00:02:23]} Nf6 {[%clk 01:29:37]} {[%emt 00:01:22]} 8. Bf4 {[%clk
01:28:29]} {[%emt 00:01:54]} a6 {[%clk 01:26:18]} {[%emt 00:03:50]} 9. O-O
{[%clk 01:26:25]} {[%emt 00:02:34]} cxd4 {[%clk 01:25:31]} {[%emt 00:01:18]}
10. cxd4 {[%clk 01:25:39]} {[%emt 00:01:16]} Be7 {[%clk 01:23:21]} {[%emt
00:02:40]} 11. Nc2 {[%clk 01:21:44]} {[%emt 00:04:25]} O-O {[%clk 01:21:55]}
{[%emt 00:01:57]} 12. Ne3 {[%clk 01:19:12]} {[%emt 00:03:00]} Nh5 {[%clk
01:11:42]} {[%emt 00:10:44]} 13. Bg3 {[%clk 01:18:14]} {[%emt 00:01:26]} Nxg3
{[%clk 01:10:10]} {[%emt 00:02:04]} 14. fxg3 {[%clk 01:16:43]} {[%emt
00:02:02]} b5 {[%clk 01:01:10]} {[%emt 00:09:30]} 15. d5 {[%clk 01:11:42]}
{[%emt 00:05:31]} bxc4 {[%clk 00:58:27]} {[%emt 00:03:13]} 16. dxc6 {[%clk
01:11:59]} {[%emt 00:00:12]} Qb6 {[%clk 00:57:44]} {[%emt 00:01:12]} 17. Re1
{[%clk 01:04:43]} {[%emt 00:07:46]} Rd8 {[%clk 00:53:10]} {[%emt 00:05:04]} 18.
Qe2 {[%clk 00:56:31]} {[%emt 00:08:38]} Bc5 {[%clk 00:49:34]} {[%emt 00:04:10]}
19. Ne5 {[%clk 00:54:05]} {[%emt 00:02:56]} Bxe3+ {[%clk 00:48:51]} {[%emt
00:01:15]} 20. Qxe3 {[%clk 00:54:19]} {[%emt 00:00:15]} Qxe3+ {[%clk 00:49:17]}
{[%emt 00:00:04]} 21. Rxe3 {[%clk 00:54:42]} {[%emt 00:00:07]} Rd6 {[%clk
00:48:54]} {[%emt 00:00:53]} 22. Nxc4 {[%clk 00:53:15]} {[%emt 00:01:57]} Rxc6
{[%clk 00:47:59]} {[%emt 00:01:26]} 23. Rd1 {[%clk 00:52:54]} {[%emt 00:00:50]}
Bb7 {[%clk 00:41:43]} {[%emt 00:06:46]} 24. Red3 {[%clk 00:50:31]} {[%emt
00:02:52]} g6 {[%clk 00:39:49]} {[%emt 00:02:25]} 25. Ne5 {[%clk 00:40:38]}
{[%emt 00:10:23]} Rb6 {[%clk 00:32:38]} {[%emt 00:07:39]} 26. b3 {[%clk
00:39:27]} {[%emt 00:01:43]} Bd5 {[%clk 00:27:34]} {[%emt 00:05:32]} 27. Nd7
{[%clk 00:38:34]} {[%emt 00:01:24]} Rc6 {[%clk 00:23:13]} {[%emt 00:04:50]} 28.
Nf6+ {[%clk 00:38:53]} {[%emt 00:00:12]} Kg7 {[%clk 00:23:30]} {[%emt
00:00:13]} 29. Nxd5 {[%clk 00:39:10]} {[%emt 00:00:13]} exd5 {[%clk 00:23:51]}
{[%emt 00:00:10]} 30. Rxd5 {[%clk 00:39:24]} {[%emt 00:00:16]} Rac8 {[%clk
00:24:14]} {[%emt 00:00:06]} 31. R1d2 {[%clk 00:36:49]} {[%emt 00:03:05]} R8c7
{[%clk 00:18:32]} {[%emt 00:06:12]} 32. h3 {[%clk 00:31:52]} {[%emt 00:05:28]}
h5 {[%clk 00:14:11]} {[%emt 00:04:51]} 33. Rd6 {[%clk 00:31:13]} {[%emt
00:01:08]} Rxd6 {[%clk 00:13:43]} {[%emt 00:00:58]} 34. Rxd6 {[%clk 00:31:35]}
{[%emt 00:00:08]} Rc1+ {[%clk 00:14:11]} {[%emt 00:00:03]} 35. Kh2 {[%clk
00:31:29]} {[%emt 00:00:33]} a5 {[%clk 00:13:21]} {[%emt 00:01:22]} 36. Rd5
{[%clk 00:31:15]} {[%emt 00:00:43]} a4 {[%clk 00:13:02]} {[%emt 00:00:51]} 37.
bxa4 {[%clk 00:29:04]} {[%emt 00:02:40]} Rc4 {[%clk 00:13:23]} {[%emt
00:00:08]} 38. Ra5 {[%clk 00:29:07]} {[%emt 00:00:27]} Rc2 {[%clk 00:13:47]}
{[%emt 00:00:07]} 39. Ra8 {[%clk 00:27:41]} {[%emt 00:01:56]} Rxa2 {[%clk
00:14:05]} {[%emt 00:00:13]} 40. a5 {[%clk 00:26:56]} {[%emt 00:01:14]} g5
{[%clk 00:12:25]} {[%emt 00:02:10]} 41. a6 {[%clk 00:23:34]} {[%emt 00:03:52]}
Ra1 {[%clk 00:12:31]} {[%emt 00:00:24]} 42. Ra7 {[%clk 00:23:06]} {[%emt
00:00:58]} Kg6 {[%clk 00:10:50]} {[%emt 00:02:10]} 43. Ra8 {[%clk 00:21:45]}
{[%emt 00:01:51]} 1/2-1/2